Interkulturální management lidé, kultura a management

Saved in:
Bibliographic Details
Main Author: Nový, Ivan
Format: Book
Language:Czech
Published: Praha Grada 1996
Edition:1. vyd.
Subjects:
Tags: Add Tag
No Tags, Be the first to tag this record!

MARC

LEADER 00000nam a2200000 4500
001 c016749
005 20230228105004.1
020 |a 80-7169-260-3 
041 0 |a cze 
044 |a CZ 
245 1 0 |a Interkulturální management  |b lidé, kultura a management  |c Ivan Nový a kol. 
250 |a 1. vyd. 
264 1 |a Praha  |b Grada  |c 1996 
300 |a 143 s. 
610 2 0 |a manažment 
610 2 0 |a kultúra podniková 
610 2 0 |a kultúra 
610 2 0 |a práca riadiaca 
100 1 |a Nový, Ivan